[Event "SLO-chT1 West"]
[Site "Slovenia"]
[Date "2018.10.28"]
[Round "9.2"]
[White "Cibej, Marjan"]
[Black "Kersic, Matej"]
[Result "1/2-1/2"]
[WhiteElo "2002"]
[BlackElo "2165"]
[PlyCount "120"]
[EventDate "2018.09.28"]
[EventType "team-tourn"]
[EventRounds "9"]
[EventCountry "SLO"]
[SourceTitle "CBM 187 Extra"]
[Source "ChessBase"]
[SourceDate "2018.11.04"]
[SourceVersion "1"]
[SourceVersionDate "2018.11.04"]
[SourceQuality "1"]
[WhiteTeam "Ilirska Bistrica Rimex"]
[BlackTeam "Kranj Stari Mayr"]
[WhiteTeamCountry "SLO"]
[BlackTeamCountry "SLO"]

1. e4 c5 2. b4 b6 3. bxc5 bxc5 4. Nf3 d6 5. Bc4 e6 6. 0-0 Bb7 7. Nc3 a6 8. Rb1 Qc7 9. Re1 Nd7 10. d4 Be7 11. Bg5 h6 12. Be3 cxd4 13. Bxd4 Ngf6 14. Bd3 0-0 15. Na4 e5 16. Bb2 Rab8 17. c4 Bc6 18. Nc3 Nc5 19. Ba3 Qa5 20. Bxc5 Qxc3 21. Ba7 Ra8 22. Bb6 Qa3 23. Qd2 Nd7 24. Rb3 Qa4 25. Qc3 Bb7 26. Reb1 Qc6 27. Nd2 Rfb8 28. Nf1 Bc8 29. Qa5 Nxb6 30. Rxb6 Rxb6 31. Rxb6 Qc7 32. Ne3 Be6 33. Nd5 Bxd5 34. Qxd5 Qxb6 35. Qxa8+ Bf8 36. c5 dxc5 37. Qxa6 Qxa6 38. Bxa6 Bd6 39. Kf1 Kf8 40. Ke2 Ke7 41. Kd3 Bb8 42. Bb7 Kd6 43. Kc4 f6 44. f3 Ba7 45. a4 Bb6 46. Kb5 Kc7 47. Ba8 Ba7 48. a5 c4 49. Kxc4 Kd6 50. Kb5 Kc7 51. Bd5 Bd4 52. a6 Ba7 53. g3 Bg1 54. h4 Bf2 55. h5 Ba7 56. f4 Be3 57. Bc6 Ba7 58. fxe5 fxe5 59. Bd5 Kd6 60. Kc4 Bg1 1/2-1/2

[Event "SLO-chT2 West"]
[Site "Slovenia"]
[Date "2015.11.07"]
[Round "6"]
[White "Cibej, Marjan"]
[Black "Bajec, Borut"]
[Result "1-0"]
[WhiteElo "1919"]
[BlackElo "1790"]
[PlyCount "59"]
[EventDate "2015.10.17"]
[EventType "team-tourn"]
[EventRounds "7"]
[EventCountry "SLO"]
[SourceTitle "EXT 2019"]
[Source "ChessBase"]
[SourceDate "2018.10.10"]
[SourceVersion "1"]
[SourceVersionDate "2018.10.10"]
[SourceQuality "1"]
[WhiteTeam "Ilirska Bistrica Rimex"]
[BlackTeam "Trzin"]
[WhiteTeamCountry "SLO"]
[BlackTeamCountry "SLO"]

1. e4 c5 2. b4 b6 3. bxc5 bxc5 4. g3 Nc6 5. Bg2 d6 6. Ne2 Nf6 7. e5 Ne4 8. Bxe4 d5 9. Bg2 Nxe5 10. d4 Nc4 11. 0-0 e6 12. Na3 Nb6 13. c4 Be7 14. cxd5 Nxd5 15. Nc4 0-0 16. Ne5 Bb7 17. Ba3 Rc8 18. Rc1 f6 19. Nd3 cxd4 20. Bxe7 Qxe7 21. Nxd4 Nc3 22. Qb3 Bxg2 23. Kxg2 Nd5 24. Rxc8 Rxc8 25. Re1 Rc3 26. Qb8+ Kf7 27. Rxe6 Qd7 28. Rd6 Qg4 29. Qb7+ Kg6 30. Ne5+ 1-0

[Event "SLO-chT sf"]
[Site "Slovenia"]
[Date "1996.??.??"]
[Round "5"]
[White "Cibej, Marjan"]
[Black "Petek, Primoz"]
[Result "1-0"]
[WhiteElo "1870"]
[BlackElo "1700"]
[PlyCount "81"]
[EventDate "1996.??.??"]
[EventType "team"]
[EventRounds "7"]
[EventCountry "SLO"]
[SourceTitle "EXT 1997"]
[Source "ChessBase"]
[SourceDate "1996.11.15"]
[SourceVersion "1"]
[SourceVersionDate "1996.11.15"]
[SourceQuality "1"]

1. d4 d5 2. Nf3 Nf6 3. Bg5 Bf5 4. e3 Nc6 5. c3 e6 6. Bb5 Be7 7. Ne5 0-0 8. Bxc6 bxc6 9. Nxc6 Qd6 10. Nxe7+ Qxe7 11. 0-0 Rab8 12. b4 h6 13. Bh4 g5 14. Bg3 Ne4 15. f3 Nxg3 16. hxg3 Qd6 17. Kf2 Qc6 18. Qc1 Kg7 19. Nd2 Bd3 20. Re1 f5 21. Nb3 Bc4 22. Nc5 Rf6 23. Qd2 Rbf8 24. a4 a6 25. Reb1 Rg6 26. b5 axb5 27. axb5 Bxb5 28. Qb2 Bc4 29. Qb7 Qd6 30. Ra8 Rgf6 31. Rba1 R6f7 32. Rxf8 Kxf8 33. Ra8+ Kg7 34. Qc8 Rf8 35. Qxf8+ Qxf8 36. Nxe6+ Kf7 37. Nxf8 Bb5 38. e4 fxe4 39. fxe4 dxe4 40. d5 c6 41. d6 1-0

[Event "SLO-chT sf"]
[Site "Slovenia"]
[Date "1996.??.??"]
[Round "4"]
[White "Jansa, Andrej"]
[Black "Cibej, Marjan"]
[Result "1-0"]
[WhiteElo "1955"]
[BlackElo "1870"]
[PlyCount "91"]
[EventDate "1996.??.??"]
[EventType "team"]
[EventRounds "7"]
[EventCountry "SLO"]
[SourceTitle "EXT 1997"]
[Source "ChessBase"]
[SourceDate "1996.11.15"]
[SourceVersion "1"]
[SourceVersionDate "1996.11.15"]
[SourceQuality "1"]

1. e4 e5 2. Nf3 Nc6 3. Bc4 Nf6 4. Nc3 Bb4 5. 0-0 0-0 6. d3 h6 7. h3 d6 8. Nh2 Be6 9. Bb3 a5 10. Ne2 a4 11. Bxe6 fxe6 12. c3 Bc5 13. Be3 Qe7 14. Ng3 Qf7 15. Ng4 Qg6 16. Bxc5 Nxg4 17. Qxg4 Qxg4 18. hxg4 dxc5 19. f3 Rad8 20. Rfd1 Rf7 21. Kf2 Rfd7 22. Ke2 b5 23. Nf1 g5 24. Ne3 Kg7 25. b3 b4 26. bxa4 bxc3 27. Rac1 c2 28. Nxc2 Ra8 29. Ne3 Rxa4 30. Rxc5 Rxa2+ 31. Kf1 Nb4 32. Rxe5 Kf6 33. d4 Nc2 34. Nxc2 Rxc2 35. Ra5 c5 36. d5 Ke5 37. Ra6 exd5 38. exd5 Rxd5 39. Re1+ Kf4 40. Rxh6 Rd4 41. Kg1 Kg3 42. Rh3+ Kf4 43. Kh2 c4 44. Rh6 Rxg2+ 45. Kxg2 Rd2+ 46. Kh3 1-0

[Event "SLO-chT sf"]
[Site "Slovenia"]
[Date "1996.??.??"]
[Round "2"]
[White "Podhraski, Dejan"]
[Black "Cibej, Marjan"]
[Result "1/2-1/2"]
[WhiteElo "1810"]
[BlackElo "1870"]
[PlyCount "148"]
[EventDate "1996.??.??"]
[EventType "team"]
[EventRounds "7"]
[EventCountry "SLO"]
[SourceTitle "EXT 1997"]
[Source "ChessBase"]
[SourceDate "1996.11.15"]
[SourceVersion "1"]
[SourceVersionDate "1996.11.15"]
[SourceQuality "1"]

1. e4 e5 2. Nf3 Nc6 3. Bb5 Bc5 4. c3 f5 5. 0-0 fxe4 6. Bxc6 dxc6 7. Nxe5 Nf6 8. d4 exd3 9. Qb3 Qd5 10. Qxd5 cxd5 11. Nxd3 Bd6 12. Re1+ Kf7 13. Ne5+ Bxe5 14. Rxe5 Bd7 15. Bf4 Rhe8 16. Nd2 Rxe5 17. Bxe5 c6 18. Bd4 b6 19. Nf3 c5 20. Ne5+ Ke6 21. Nxd7 Kxd7 22. Bxf6 gxf6 23. Re1 Re8 24. Rxe8 Kxe8 25. Kf1 Ke7 26. Ke2 Ke6 27. Ke3 Kf5 28. h3 h6 29. g3 h5 30. f3 Kg5 31. h4+ Kf5 32. b3 Kg6 33. Kf4 Kg7 34. Kf5 Kh7 35. g4 Kg7 36. g5 fxg5 37. Kxg5 Kh7 38. Kf5 Kh6 39. f4 b5 40. b4 d4 41. cxd4 c4 42. Ke4 Kg6 43. d5 Kf6 44. Kd4 Kf7 45. f5 Ke7 46. Ke4 Ke8 47. Kf4 Ke7 48. Ke3 Ke8 49. Ke4 Ke7 50. Kf4 Ke8 51. Ke3 Ke7 52. Kd4 Ke8 53. Ke4 Ke7 54. Kf4 Ke8 55. d6 Kd7 56. f6 Ke6 57. Kg5 c3 58. Kg6 c2 59. f7 c1Q 60. f8Q Qg1+ 61. Kxh5 Qd1+ 62. Kg5 Qg1+ 63. Kh6 Qe3+ 64. Kh5 Qe2+ 65. Kg5 Qg2+ 66. Kh6 Qd2+ 67. Kh7 Qd3+ 68. Kh8 Qd4+ 69. Kg8 Qxh4 70. Qc8+ Kxd6 71. Qc5+ Ke6 72. Qc6+ Ke7 73. Qc7+ Ke6 74. Qc6+ Ke7 1/2-1/2